| 000 | 00628nam a2200205Ia 4500 | ||
|---|---|---|---|
| 008 | 191130s2010##################000#0#eng## | ||
| 020 | _a9781405155168 | ||
| 040 |
_aACL _cACL |
||
| 082 | _a299.561 BRE | ||
| 100 | _aBreen, John | ||
| 245 |
_aA new history of Shinto _cJohn Breen and Mark Teeuwen |
||
| 260 |
_aChichester, U.K. ; Malden, MA _bWiley-Blackwell _cc2010 |
||
| 300 | _ax, 264 p. : ill., maps ; 22 cm. | ||
| 500 | _aIncludes bibliographical references and index | ||
| 650 | _aShinto - History | ||
| 700 | _aTeeuwen, Mark | ||
| 990 | _acf3147d3ac10000c2719b3379cbdc036 | ||
| 991 | _a236611 | ||
| 999 |
_c242030 _d242030 |
||